Банковский менеджмент (Запись № 13673730)

Подробности
000 -МАРКЕР
контрольное поле 02523nam0a2200373 4500
001 - ИДЕНТИФИКАТОР ЗАПИСИ
контрольное поле RU\NLR\BIBL_A\022553179
005 - ИДЕНТИФИКАТОР ВЕРСИИ
контрольное поле 20260420045123.0
010 ## - МЕЖДУНАРОДНЫЙ СТАНДАРТНЫЙ НОМЕР КНИГИ (ISBN)
Номер (ISBN) 978-5-238-04004-2
Тираж 1000
021 ## - НОМЕР ГОСУДАРСТВЕННОЙ РЕГИСТРАЦИИ
Код страны Российская Федерация
Номер КН-П-25-017027
Номер Листа государственной регистраци КН-П-25-1725
035 ## - ДРУГИЕ СИСТЕМНЫЕ НОМЕРА
Идентификатор записи (NLR Aleph) 022553179
100 ## - ДАННЫЕ ОБЩЕЙ ОБРАБОТКИ
Данные общей обработки 20250529d2025 u y0rusy50 ca
101 0# - ЯЗЫК РЕСУРСА
Язык текста, звукозаписи и т.д. русский
102 ## - СТРАНА ПУБЛИКАЦИИ ИЛИ ПРОИЗВОДСТВА
Страна публикации Российская Федерация
105 ## - ПОЛЕ КОДИРОВАННЫХ ДАННЫХ: ТЕКСТОВЫЕ МАТЕРИАЛЫ, МОНОГРАФИЧЕСКИЕ
Кодированные данные о монографическом текстовом документе a j 000yy
181 #0 - ПОЛЕ КОДИРОВАННЫХ ДАННЫХ: ВИД СОДЕРЖАНИЯ
Код вида содержания (ISBD) i3
Код характеристики содержания (ISBD) axxe
182 #0 - ПОЛЕ КОДИРОВАННЫХ ДАННЫХ: ТИП СРЕДСТВА
Код типа средства (ISBD) n - непосредственное
200 1# - ЗАГЛАВИЕ И СВЕДЕНИЯ ОБ ОТВЕТСТВЕННОСТИ
Основное заглавие Банковский менеджмент
Сведения, относящиеся к заглавию учебник для студентов высших учебных заведений, обучающихся по экономическим профилям "Финансы и кредит", "Финансы в цифровой экономике", "Экономика и бизнес-аналитика", направлению подготовки (специальности) "Экономика"
Первые сведения об ответственности [Д. Н. Береснев - кандидат экономических наук, А. В. Генералова - кандидат экономических наук, доцент, С. Г. Дембицкий - доктор экономических наук, профессор и др.]
Последующие сведения об ответственности под редакцией доктора экономических наук, кандидата юридических наук, профессора Н. Д. Эриашвили
203 ## - ВИД СОДЕРЖАНИЯ И ТИП СРЕДСТВА
Вид содержания Текст
Дополнительные сведения об издании визуальный
Тип средства непосредственный
210 ## - ПУБЛИКАЦИЯ, РАСПРОСТРАНЕНИЕ И ДР.
Место издания, распространения и т.д. Москва
Имя издателя, распространителя и т. д. ЮНИТИ-ДАНА
Дата издания, распространения и т.д. 2025
215 ## - ФИЗИЧЕСКАЯ ХАРАКТЕРИСТИКА
Специфическое обозначение материала и объем 415 с.
Другие сведения о физической характеристике ил., табл.
Размеры 22
225 1# - СЕРИЯ
Основное заглавие серии Учетно-аналитическое обеспечение экономических процессов
Сведения, относящиеся к заглавию серия учебных изданий
300 ## - ОБЩИЕ ПРИМЕЧАНИЯ
Текст примечания Авт. указаны на 3-4-й с.
320 ## - ПРИМЕЧАНИЯ О НАЛИЧИИ В ДОКУМЕНТЕ БИБЛИОГРАФИИ / УКАЗАТЕЛЯ
Текст примечания Библиогр.: с. 404-410 (44 назв.)
606 1# - НАИМЕНОВАНИЕ ТЕМЫ КАК ПРЕДМЕТ
Наименование темы Менеджмент банковский
Формальный подзаголовок Учебники для высших учебных заведений
Системный номер авторитетной/нормативной записи 2184240
Идентификатор авторитетной/нормативной записи RU\NLR\AUTH\661313300
686 1# - ИНДЕКСЫ ДРУГИХ КЛАССИФИКАЦИЙ
Индекс У26(2)210-21(2Р)я73
701 #1 - ИМЯ ЛИЦА - АЛЬТЕРНАТИВНАЯ ОТВЕТСТВЕННОСТЬ
Начальный элемент ввода Береснев
Часть имени, кроме начального элемента ввода Д. Н.
Расширение инициалов личного имени Дмитрий Николаевич
701 #1 - ИМЯ ЛИЦА - АЛЬТЕРНАТИВНАЯ ОТВЕТСТВЕННОСТЬ
Начальный элемент ввода Генералова
Часть имени, кроме начального элемента ввода А. В.
Расширение инициалов личного имени Анна Владимировна
701 #1 - ИМЯ ЛИЦА - АЛЬТЕРНАТИВНАЯ ОТВЕТСТВЕННОСТЬ
Начальный элемент ввода Дембицкий
Часть имени, кроме начального элемента ввода С. Г.
Расширение инициалов личного имени Сергей Геннадьевич
702 #1 - ИМЯ ЛИЦА - ВТОРИЧНАЯ ОТВЕТСТВЕННОСТЬ
Код отношения Редактор
Графика поля Кириллица
Материалы, к которым относится поле rus
Начальный элемент ввода Эриашвили
Часть имени, кроме начального элемента ввода Н. Д.
Даты 1960-
Расширение инициалов личного имени Нодари Дарчоевич
Системный номер авторитетной/нормативной записи 11409
Идентификатор авторитетной/нормативной записи RU\NLR\AUTH\7728378
942 ## - ДОПОЛНИТЕЛЬНЫЕ ЭЛЕМЕНТЫ ЗАПИСИ (АБИС)
Тип экземпляра АБИС Книга
980 ## - КОЛЛЕКЦИЯ
Название коллекции Национальная библиография

Нет доступных экземпляров.